Most Tight End Receiving Yards Ever for Every Team - Statistics

General Stats
  • This quiz has been taken 15 times
  • The average score is 14 of 32
Answer Stats
Team Yards Player % Correct
LAC 11,841 Antonio Gates
93%
DAL 12,977 Jason Witten
93%
NEP 7,861 Rob Gronkowski
93%
DEN 8,340 Shannon Sharpe
93%
KAN 11,328 Travis Kelce
93%
SFF 6,274 George Kittle
87%
NOS 4,791 Jimmy Graham
87%
SEA 2,048 Jimmy Graham
87%
CAR 6,463 Greg Olsen
80%
PHI 6,267 Zach Ertz
80%
CHI 4,503 Mike Ditka
60%
CLE 7,980 Ozzie Newsome
60%
ARI 7,918 Jackie Smith
53%
WAS 4,870 Jerry Smith
53%
PIT 6,569 Heath Miller
47%
BAL 5,492 Todd Heap
47%
LAR 3,602 Tyler Higbee
40%
LVR 5,872 Todd Christensen
33%
JAX 4,502 Marcedes Lewis
27%
TEN 4,958 Frank Wycheck
20%
IND 5,126 John Mackey
20%
CIN 4,600 Bob Trumpy
13%
DET 4,817 Charlie Sanders
13%
HOU 4,617 Owen Daniels
13%
MIN 6,307 Steve Jordan
13%
NYG 4,376 Bob Tucker
7%
TBB 4,300 Jimmie Giles
7%
ATL 4,358 Jim Mitchell
7%
NYJ 4,819 Mickey Shuler
7%
GBP 4,223 Paul Coffman
7%
BUF 2,921 Pete Metzelaars
7%
MIA 3,096 Randy McMichael
7%
No matching quizzes found
Score Distribution
Percent of People with Each Score
Percentile by Number Answered
Your Score History
You have not taken this quiz